Statistieken voor Deelgemeenten van Aalst

Klik hier om de quiz te nemen!

Algemene statistieken

  • Deze quiz is 25 keer genomen
  • De gemiddelde score is 4 van 9

Antwoordstatistieken

Antwoord% Correct
Erembodegem
75%
Aalst
58%
Moorsel
58%
Baardegem
50%
Herdersem
42%
Hofstade
42%
Gijzegem
33%
Nieuwerkerken
33%
Meldert
25%

Scoreverdeling

Percentiel versus Aantal Correcte Antwoorden

Procent van Mensen met Elke Score

Uw Scoregeschiedenis

U heeft deze quiz nog niet genomen